000 00318nam a22001337a 4500
008 171206b xxu||||| |||| 00| 0 eng d
020 _a9780135001509
041 _aeng
080 _26 ED
_a621
100 _a27
101 _aIM
245 _aFEEDBACK CONTROL OF DYNAMIC SYSTEMS
_cFRANKLIN.G.F
942 _2udc
_cBK
999 _c38793
_d38793